00614nam a2200157 a 4500008004100000050001800041100002000059245002300079246004700102260004000149300001500189350000900204995009200213999001700305952013400322120416s1979 ||||||||||||||||| || u aHF 5415.3 Zal aZaltman, Gerald10aConsumer behaviour abasic findings and management implications aNew YorkbJohn Wiley and Sonsc1979 axiv, 567p. a0.00 D0.00FCBU-MAIN LIBRARY (Kitwe)H1I0.00UAVAILABLEZMain Library Open Access Collection c38589d38589 00102lcc4070a001b001cMain Library Open Access Collectiond2022-11-30l0oHF 5415.3 Zalp005713r2022-11-30w2022-11-30y002